000
00284 a2200121 4500
001
123588
020
_a
9781557999290
040
_c
Escola Canadense de Niteroi
090
_a
MP
100
_a
Norris, Jill
245
1
0
_a
Take It to Your Seat Literacy Centers - Grades K-1
942
_c
BK
999
_c
123588
_d
123588